书目信息 |
| 书名: | Rhymes of Li Youcai and other stories | |
| 作者: | Zhao Shuli ; [translated by Sidney Shapiro, woodcuts by Luo Gongliu and Li Qun]. | |
| 分册号: | ||
| 分册名: | 出版地: | Beijing : |
|
| 出版社: | Foreign Languages Press | |
| 出版时间: | [1980.]. | |
| 页数: | 186 p., [9] leaves of plates ; | |
| 开本: | 19 cm. | |
| 丛书名: | ||
| 中图分类号: | ||
| 科图分类号: | ||
| 其他分类号: | H319.4 | |
| 主题词: | ||
| 电子资源: | ||
| 000 | 00599cam 2200181Ia 4504 | |
| 001 | E0752526281 | |
| 005 | 20070210143645.95 | |
| 008 | 031225s1980 cc af 000 1 eng d | |
| 040 | @aWAU@cWAU@dOCL@dMTU | |
| 090 | @aK278/W38E/1980 | |
| 090 | @aH319.4 | |
| 099 | @dH319.4@ex310=5 | |
| 100 | 1 | @aZhao, Shuli. |
| 245 | 10 | @aRhymes of Li Youcai and other stories / @cZhao Shuli ; [translated by Sidney Shapiro, woodcuts by Luo Gongliu and Li Qun]. |
| 250 | @a5th ed. | |
| 260 | @aBeijing :@bForeign Languages Press,@c[1980.]. | |
| 300 | @a186 p., [9] leaves of plates ;@c19 cm. | |
| 920 | @a232010@z2 | |
| Rhymes of Li Youcai and other stories / / Zhao Shuli ; [translated by Sidney Shapiro, woodcuts by Luo Gongliu and Li Qun].-5th ed.-Beijing : : Foreign Languages Press, , [1980.]. |
| 186 p., [9] leaves of plates ; ; 19 cm. |
| ISBN |
| ● |
| 相关链接 |
|
|
|
|
正题名:Rhymes of Li Youcai and other stories
索取号:H319.4/x310=5
 
预约/预借
| 序号 | 登录号 | 条形码 | 馆藏地/架位号 | 状态 | 备注 |
| 1 | 49406 | 001428912 | 第四借阅区/ [索取号:H319.4/x310=5] | 在馆 | |
| 2 | 49407 | 001428878 | 第四借阅区/ [索取号:H319.4/x310=5] | 在馆 |